000 00310nam a2200133 i 4500
001 bg
245 0 _aOptimization of Electronic Measurements.
260 _aMenlo Park, California,
_c1973.
040 _cBPK
041 _apol
080 _a621.382
942 _cKS
008 s pl f |000 0 pol
999 _c19533
_d19533
856 _uhttp://koha.tu.koszalin.pl/cgi-bin/koha/opac-detail.pl?biblionumber=19533
_yKatalog online BPK